Educação Especial (Registo nº 833)

Detalhes MARC
000 -Etiqueta do registo
Cabeçalho 00558 m a2200241 i 4500
005 - Identificador da versão
Campo de controlo 20240813121816.0
010 ## - Número internacional normalizado dos livros (ISBN)
Número (ISBN) 9789727422838
021 ## - Número do Depósito Legal
Número 271463/08
035 ## - Other System Control Numbers
System Control Number 0000900
System Control Number 0000893
System Control Number 0000880
100 ## - Dados gerais de processamento
Dados gerais de processamento 20081013 m y0pory5003 ba
102 ## - Pais de publicação ou produção
País de publicação Portugal
101 0# - Língua de publicação
Língua do texto, banda sonora, etc. Português
215 ## - Descrição física 
Indicação específica da natureza do documento e extensão da espécie 115
200 1# - Titulo e menção de responsabilidade
Título próprio Educação Especial
Informação de outro título Manual de Apoio à Prática
Primeira menção de responsabilidade Filomena Pereira
205 ## - Menção da edição
Menção da edição 1ª edição
210 ## - Publicação, Distribuição, etc. 
Lugar da edição, distribuição, etc. Lisboa
Nome do editor, distribuidor, etc. dgidc
Data da publicação, distribuição, etc. 2008
942 ## - Elementos de entrada adicionados (Koha)
Tipo de item no Koha Livro
Exemplares
Situação do levantamento Origin of item (home branch) (coded) Biblioteca de empréstimo Código de barras Cota Circulation type (not for loan) Tipo de documento Nota do exemplar Damaged status
  Biblioteca Escolar Eng. Nuno Mergulhão Biblioteca Escolar Eng. Nuno Mergulhão BENM1515 3PED PER   Livro Sem mensagem